000 01331nam0a22003011 4500
001 rc\3661029
005 20130115150529.1
021 _aRU
_b72-ОЭ-1115/6
021 _aRU
_bРг9262-72
035 _a(NLR Aleph) 007739912
090 _a7147582
_c7147582
100 _a20130115d1971 |||y0rusy50 ca
101 0 _arus
102 _aRU
105 _ay z |||||
200 1 _aСборник дополнительных текстов для первого курса
_fСост. А.Д. Кузина, Т.Н. Дренясова, Л.А. Куликова
_gМ-во высш. и сред. спец. образ. СССР. Моск. гос. пед. ин-т иностр. яз. им. Мориса Тореза. Кафедра лексикологии и стилистики нем. яз.
210 _aМосква
_cБ. и.
_d1971
215 _a46 с.
_d20
300 _aНа обл. сост. не указаны
700 1 _aКузина
_bА. Д.
_4220
701 1 _aКуликова
_bЛ. А.
_4220
701 1 _aДренясова
_bТ. Н.
_gТатьяна Николаевна
_4220
712 0 2 _aМосковский пед. ин-т иностр. яз. им. Мориса Тореза
_3RU\NLR\AUTH\889951025
801 0 _aRU
_bNLR
_gpsbo
801 1 _aRU
_bELAR
_2rusmarc
852 _aNLR
_j72-4/15408
942 _cBOOK
980 _aNB